[Event "EU-Cup 18th"]
[Site "Kallithea"]
[Date "2002.09.28"]
[Round "7.2"]
[White "Dreev, Alexey"]
[Black "Svidler, Peter"]
[Result "1-0"]
[WhiteElo "2676"]
[BlackElo "2690"]
[Annotator "Stohl,I"]
[PlyCount "51"]
[EventDate "2002.09.22"]
[EventType "team-swiss"]
[EventRounds "7"]
[EventCountry "GRE"]
[SourceTitle "CBM 092"]
[Source "ChessBase"]
[SourceDate "2003.02.06"]
[SourceVersion "1"]
[SourceVersionDate "2003.02.06"]
[SourceQuality "1"]
[WhiteTeam "Norilsk Nikel"]
[BlackTeam "Paris NAO"]
[WhiteTeamCountry "RUS"]
[BlackTeamCountry "FRA"]

{[%mdl 1]} 1. d4 {Krasenkow,M} Nf6 2. c4 g6 3. Nc3 d5 4. Bf4 Bg7 5. e3 {
Until now Dreev used to play the recently popular (partly thanks to him) line}
(5. Nf3 O-O 6. Rc1 dxc4 7. e3 Be6 8. Ng5 Bd5 9. e4 h6 10. exd5 hxg5 11. Bxg5
Nxd5 12. Bxc4 Nb6 13. Bb3 Nc6 14. Ne2 {But probably the following game
discouraged him:} (14. d5 Nd4 $11) 14... a5 15. a3 a4 16. Ba2 Nxd4 $1 17. Nxd4
Qxd4 18. Qxd4 Bxd4 19. Rxc7 Rac8 $1 20. Rxc8 Rxc8 21. Kd2 e6 22. Be3 Bxe3+ 23.
fxe3 Nc4+ 24. Bxc4 {1/2, Dreev,A-Khalifman,A/Wijk aan Zee/2002/} Rxc4 $11) ({
After} 5. Rc1 {theory nowadays considers Black's best reaction to be} Nh5 $1 6.
Bg5 h6 7. Bh4 dxc4 8. e3 Be6 9. Be2 Nf6 10. Nf3 c6 11. Ne5 b5 12. f4 Nd5 13.
Qd2 Nxc3 14. bxc3 Bd5 15. Qc2 Bf6 $13 16. Bf2 Bxg2 17. Rg1 Qd5 18. Rxg2 Qxg2
19. Bf3 Qh3 20. Bg4 Qg2 21. Bf3 Qh3 22. Bg4 Qg2 23. Bf3 {1/2, Dreev,A-Leko,P/
Wijk aan Zee/1996/}) 5... c5 ({The P sacrifice} 5... O-O 6. cxd5 Nxd5 7. Nxd5
Qxd5 8. Bxc7 {isn't too popular nowadays, although the position after} Na6 9.
Bxa6 Qxg2 10. Qf3 Qxf3 11. Nxf3 bxa6 $13 {[%csl Gc8,Gg7] =<=>^^ hardly
promises White anything special. Fashion is sometimes difficult to explain.})
6. dxc5 Qa5 7. Rc1 {Here it's already easier to understand, why White didn't
play his former favourite} (7. Qa4+ Qxa4 8. Nxa4 {It was his opponent in this
game, who came up with a convincing antidote} Bd7 9. Nc3 Ne4 $1 10. Nxd5 Na6
11. f3 Nexc5 12. O-O-O e6 13. Nc7+ Nxc7 14. Bxc7 Rc8 15. Bd6 b5 16. b3 bxc4 17.
Bxc4 Na4 18. Rd2 Bb5 19. Rc2 Bxc4 20. bxc4 Kd7 21. c5 Rc6 22. Ne2 {1/2, Van
Wely,L-Svidler,P/Tilburg/1997/} Nxc5 23. Rd1 Rxd6 24. Rxc5 Rxd1+ 25. Kxd1 Rb8
26. Ra5 $11 {1/2, Kiss,P-Ruck,R/HUN-chT/1998/}) 7... dxc4 ({The reputation of} 
7... Ne4 $6 8. cxd5 Nxc3 9. Qd2 Qxa2 {has been tarnished by the energetic} 10.
Rxc3 $1 (10. bxc3 Qa5 {from the famous Petrosian-Fischer game in 1971 was
later found to be quite playable for Black despite Fischer's loss.}) 10... O-O
(10... Bxc3 11. Qxc3 Qa1+ 12. Kd2 O-O 13. Bh6 f6 14. Nf3 Rf7 15. Rg1 Qa4 16.
Bc4 $40 {Cherepkov,A-Zdrojewski,W/Leningrad/1990/}) 11. Bc4 Qa1+ 12. Rc1 Qxb2
13. Nf3 a5 14. Nd4 Qxd2+ 15. Kxd2 Na6 {Piket,J-Svidler,P/Eurotel Prague/2002/}
16. c6 $36) 8. Bxc4 O-O 9. Nge2 $5 (9. Nf3 {-D93 transposes into a line, which
is harmless for Black.} Qxc5 10. Bb3 (10. Nb5 $6 Be6 $15) (10. Qb3 Nc6 $11)
10... Nc6 11. O-O Qa5 12. h3 Bf5 13. Qe2 Ne4 {and Blackis OK in a symmetrical
position. One of the plausible drawish lines is} 14. Nd5 e5 15. Bh2 Be6 16.
Rfd1 Rfd8 17. Qc4 Nf6 18. e4 Rac8 19. Qc5 Qxc5 20. Rxc5 Nxe4 21. Rxc6 Rxc6 22.
Ne7+ Kf8 23. Nxc6 Rxd1+ 24. Bxd1 bxc6 25. Bc2 Nc5 26. Nxe5 Bxa2 27. Nxc6 Bb3
28. Bxb3 {1/2, Volzhin,A-Oral,T/Koszalin op/1999/}) 9... Qxc5 (9... Nc6 $143
10. O-O Qxc5 11. Nb5 $36 {[%csl Rc5] ףc5 makes life unpleasant for Black's Q,
with White's K already castled} Be6 {is not so effective anymore due to} 12.
Bd3 $5 Qb4 13. Nc7 $14 {ק}) 10. Qb3 (10. Nb5 Qb4+ (10... Be6 $2 11. Qb3 $16 {
is different from the similar line above, the Ne2 protects the Rc1!}) 11. Kf1
a6 $1 12. a3 Qxb2 13. Rb1 Qxb1 14. Qxb1 axb5 15. Bxb5 Rxa3 $1 16. Qb2 (16. Bxb8
$143 $2 Ne4 $1 $17 {loses material}) 16... Ra8 17. Be5 Nc6 18. Bxc6 bxc6 19. h3
$15 {1/2, Dydyshko,V-Begun/USSR/1990/ is already more pleasant for Black.})
10... Nc6 {Black must tread carefully, this position is not so well-known as
the D93 lines.} (10... e5 $6 11. Bg5 $36 {[%csl Rd5,Rd6] ><d5,d6}) (10... Qa5
11. O-O $32 {avoids the tactical complications from our game, but here White's
lead in development causes Black problems:} Nc6 $142 (11... Nbd7 12. a3 $1 Nc5
(12... Nb6 13. Bc7 Qc5 14. Na4 Nxa4 15. Qxa4 Qg5 16. Ng3 Ne8 17. Bf4 Qf6 18.
Ne4 Qb6 19. b4 Bf5 20. Nc5 Nd6 21. Bd5 $16 {Piket,J-Leko,P/Monte Carlo blind/
2001/}) 13. Qa2 Ne6 14. Bg3 Bd7 15. b4 Qb6 (15... Qf5 16. Nd5 $36) 16. Be5 $36
{[%cal Yf1d1,Ye5f6] /\Rfd1,Bf6}) (11... Na6 12. a3 $1 $14 {is similar and can
transpose into the line above.}) 12. h3 $5 (12. Rfd1 Nh5 13. a3 Nxf4 14. Nxf4
e6 15. Be2 Rd8 16. Nd3 Bd7 17. Ne4 Qc7 18. Nec5 Rab8 19. Qa2 Be8 20. b4 Qe7 21.
Bf3 Ne5 22. Nxe5 Rxd1+ 23. Rxd1 Bxe5 $11 {Kraidman,Y-Schmidt,W/Nice olm/1974/})
{seems to be a slight improvement over the quoted older game below, White
retains some pressure after} 12... Qh5 13. Qc2 Bd7 14. Rfd1 $14) 11. Nb5 Qh5 {
Seemingly forced, but if Black can't find an improvement later on, he should
give some more attention to} (11... Qb6 $5 {/\} 12. Bc7 (12. Nc7 Qxb3 13. Bxb3
Rb8 14. Nd5 Ra8 $13 15. Rxc6 $6 bxc6 16. Nxe7+ Kh8 17. Nxc6 Bb7 $36) (12. O-O
$6 Na5 $15) 12... Qa6 13. Nbd4 Na5 $1 14. Bxa6 Nxb3 15. Nxb3 (15. axb3 bxa6 16.
Nc6 Re8 17. Be5 Bb7 $132) 15... bxa6 $13 {[%csl Gc8,Gg7] ^^ and the active B
compensate Black's split P}) 12. Ng3 ({The older move was} 12. Nc7 {but after
the coldblooded} Rb8 $1 {[%cal Rc6a5] /\Na5 Black is OK and White probably has
nothing more than repetition with} (12... Qa5+ 13. Qc3 Qxc3+ 14. Nxc3 Rb8 15.
N7d5 Ra8 16. O-O $14 {/=}) 13. Nd5 (13. Bxf7+ $6 Rxf7 14. Rxc6 Qa5+ $1 15. Qc3
(15. Nc3 e5 $17 {loses at least an exchange}) 15... Qxc3+ 16. Rxc3 Nh5 $15 {
and Black regains his P with an active ^^ in an _|_.}) 13... Ra8 14. Nc7 $11 {
Dreev has higher ambitions.}) 12... Qh4 13. Nc7 {Krasenkow,M: 'About this
sharp line - see CBM73, annotations to the game Gretarsson-Schandorff.'} g5 $5
{[%mdl 64] Black's best, as now he can't avoid a tactical melee anymore. 
Krasenkow,M: 'This move was put under doubt in the present game.'} (13... Rb8
$2 14. Bxf7+ Rxf7 15. Rxc6 Ng4 16. Ne8 $5 (16. Rc2 e5 17. Na6 Be6 $1 18. Qxe6
bxa6 $13) 16... Be5 17. Rc2 Bxf4 18. exf4 $16) ({Another alternative tested in
practice is} 13... e5 $6 {but after} 14. Bxe5 (14. Bh6 $6 Bxh6 15. Nxa8 Ng4 16.
Nc7 Nd4 17. Qa3 Nf5 18. Nd5 Ngxe3 19. Nxe3 Bxe3 20. Bxf7+ Kxf7 21. Qb3+ Kf6 22.
fxe3 Nxg3 23. Rc4 Qh5 24. Qd3 Be6 25. Rg1 Bxc4 26. Qxc4 Qxh2 {0-1, Piskov,
Y-Dvoirys,S/RUS-chT Podolsk/1992/}) 14... Nxe5 15. Nxa8 Bd7 16. Nc7 {it
doesn't seem Black's compensation is sufficient, e.g.} Rc8 17. O-O $5 (17. Be2
Ne8 18. f4 {Krasenkow,M: 'Too bold.'} (18. Qxb7 $5 {Krasenkow,M} Qd8 19. O-O
Rxc7 20. Rxc7 Qxc7 21. Qxc7 Nxc7 22. f4 Nc6 23. Rd1 $14) 18... Ng4 19. Qd1 Nxe3
20. Qxd7 Qxf4 {'!' Krasenkow,M.} 21. Nf1 {'?!' Krasenkow,M.} (21. Qxc8 $4 {
Krasenkow,M} Nxg2+ 22. Kd1 Qd4+ 23. Kc2 Qxb2+ 24. Kd3 Qd4+ 25. Kc2 Qc3+ $19) (
21. Bc4 $5 {Krasenkow,M} Rxc7 (21... Nxg2+ {Krasenkow,M} 22. Ke2) 22. Qxe8+ Bf8
23. Qe4 Nxg2+ 24. Kd1 Qd6+ 25. Bd3 (25. Qd3 {Krasenkow,M} Rxc4 $1) 25... Nf4
26. Rxc7 Nxd3 27. Ke2 Nf4+ 28. Kf3 Ne6 $1 $44) 21... Nxg2+ 22. Kd1 Qh4 {
'!?' Krasenkow,M.} 23. Qxc8 Qd4+ 24. Kc2 $2 Qxb2+ 25. Kd3 {'??' Krasenkow,M.} (
25. Kd1 $11 {Krasenkow,M}) 25... Nf4+ 26. Ke4 (26. Kc4 {Krasenkow,M} Qxc1+ 27.
Kb3 Qb2+ 28. Ka4 Qc2+ 29. Kb5 Qc6+ 30. Kb4 a5+ $1 31. Kb3 Qc3+ 32. Ka4 Qb4#)
26... Qe5+ 27. Kf3 Qxe2+ 28. Kg3 Nh5+ 29. Kh3 Qf3+ {0-1, Veremeichik,
V-Zhigalko,A/Minsk/2001/}) 17... Rxc7 18. Bxf7+ Nxf7 19. Rxc7 $16 {and the
unusual material balance (2R+3P/3 minor pieces after b7 falls) favours White.})
14. Bxg5 $1 $146 {[%mdl 8] Formally this move is a novelty, but it was already
published in Krasenkow's notes. Krasenkow,M: 'Quite an obvious novelty.'} (14.
Nf5 $2 Bxf5 15. Bg3 Nd4 $1 (15... Qe4 $2 16. f3 $16) (15... Qh6 16. Nxa8 $16 {
are both insuffcient}) 16. exd4 (16. Qxb7 Rab8 $1 17. Qxb8 Nc2+ 18. Rxc2 Rxb8
19. Bxh4 Bxc2 20. Bxg5 Ne4 {[%cal Re4g5,Rb8c8] /\Ng5,Rc8} 21. Bxe7 Rxb2 $1 22.
O-O Nd2 $19) 16... Qe4+ 17. Kf1 Rac8 18. Rd1 Qc6 19. Bb5 Qb6 20. Bc4 Qa5 21.
Qb5 Qxb5 22. Bxb5 Rfd8 $19 {[%csl Rh1] Gretarsson,H-Schandorff,L/Gentofte/1999/
and the Rh1 won't get out in time.}) 14... Qxg5 15. Nxa8 Bd7 {Again Black
makes the most natural move, now White's N is a goner.} (15... Qe5 {[%cal
Re5b8] /\Qb8} 16. Be2 Qa5+ (16... Qb8 $2 17. Rxc6 $18) 17. Qc3 Qd8 18. Rd1 $5 (
18. b4 Nd5 19. Qc5 Be6 $1 20. b5 Qa5+ 21. Kf1 Ncb4 $36) 18... Bd7 19. Nf5 e5
20. Nxg7 Kxg7 21. Bf3 $40) 16. Qxb7 (16. Nc7 $2 Qa5+ $17) 16... Rb8 (16... Qa5+
$2 17. b4 Nxb4 18. O-O Bc6 19. Qc7 Qa3 {also wins the N, but White's ->
crashes through after} 20. Nf5 Bxa8 21. Qxe7 $18) 17. Qc7 (17. Ne4 $2 Qxg2 (
17... Qa5+ 18. b4 Qa3 $19) 18. Nxf6+ Bxf6 19. Qxd7 Qxh1+ 20. Bf1 Ne5 $19) 17...
Rxa8 (17... Rc8 {Krasenkow,M} 18. Ne4 $1 Nxe4 $140 $2 19. Qxd7 Rd8 20. Qxc6
Qa5+ 21. Kf1 Qd2 22. Be2 $18 {A.Dreev}) 18. Ba6 $36 {'!' Krasenkow,M. 
Krasenkov considers this position unclear, but Dreev probably went deepeer
than that. In reality it's not so easy to coordinate Black's minor pieces.} Ne8
{A computer move, but probably not the best. Krasenkow,M: 'Black has a lot of
other options but none of them apeears to offer full equality, due to the poor
position of his minor pieces:'} (18... Nd8 19. O-O Ne6 20. Qb7 $36) (18... Nb4
$2 19. Qb7 $18) (18... Qa5+ $2 19. Qxa5 Nxa5 20. b4 $18) (18... Qg4 {was tried
in a later game. But it's rather mysterious why White didn' play} 19. Rxc6 (19.
O-O $6 Nd5 20. Qb7 Rb8 21. h3 Rxb7 22. hxg4 Rxb2 23. Rfd1 e6 24. e4 Nb6 $15 {
Tregubov,P-Oral,T/Selfoss/2002/}) 19... Nd5 (19... Bxc6 20. Qxc6 Qb4+ 21. Ke2 (
21. Qc3 $5) 21... Qxb2+ 22. Kf3 $16) (19... Ne8 $1 {see analysis in
Tregubov-Oral}) 20. Qb7 Bxc6 21. Qxc6 Qb4+ 22. Ke2 Qxb2+ (22... Rd8 23. Bc4 {
can transpose}) 23. Kf3 Rd8 24. Bc4 $14 {with an extra P and good winning
prospects.}) (18... Qd5 {Krasenkow,M} 19. Rd1 Qe5 (19... Qa5+ {Krasenkow,M} 20.
Qxa5 Nxa5 21. b4 Nc6 22. Bb7 Rb8 23. Rxd7 Nxd7 24. Bxc6 Ne5 25. b5 $1 $16) 20.
Rxd7 Nxd7 21. Qxc6 Qa5+ 22. Ke2 Rb8 23. Qxd7 Qxa6+ 24. Kf3 $16) (18... Qg4 $5 {
(Krasenkow,M) -see Tregubov-Oral in this issue.}) 19. Qxd7 Qa5+ 20. b4 $1 (20.
Qd2 $143 $6 Qxa6 $13 {[%csl Re1] עe1}) 20... Nxb4 21. O-O (21. Bc8 $2 Nxa2+
22. Ke2 (22. Kf1 Nxc1 23. Qxe8+ Bf8 $36) 22... Nxc1+ 23. Rxc1 Nd6 24. Nf5 $11 {
and it's White, who barely manages to maintain equality.}) 21... Qxa6 22. Nf5 (
22. Qxe7 Nxa2 $13 {is unconvincing, the text move is definitely stronger.})
22... Nxa2 $2 ({Black hardly wanted to give the Pe7, but after} 22... e6 23.
Nxg7 Nxg7 24. Rc7 Rf8 25. Rxa7 $16 {he is also in serious trouble.}) (22... Nf6
$142 $5 23. Qxe7 Bf8 24. Qe5 Re8 (24... Nxa2 $2 25. Ra1 $18 {[%csl Ra2] פa2})
(24... Qe6 25. Qg3+ Kh8 26. Qf3 Re8 $14 {/+/-}) 25. Qg3+ Kh8 $14 {was a better
chance, offering more prospects of <=>.}) (22... e5 {Krasenkow,M} 23. Nxg7 Nxg7
24. a3 Nd3 25. Rc7 Rf8 26. Rxa7 $16 {[%csl Ga3]}) 23. Rc6 Qa5 (23... Qa3 $5 24.
Nxe7+ (24. Qb7 $5 Rd8 25. Ra6 Qb4 (25... Qd3 26. Nxe7+ Kf8 27. Rxa7 Nc3 28.
Ng6+ $1 $18) 26. Qxa7 Qb5 $1 (26... Nc3 27. Nxe7+ Kf8 28. Nc6 $18) 27. Ra5 (27.
Nxg7 Nc3 $1 $14 {[%cal Rb5f1] /\Qf1!-+}) 27... Qd3 28. Nxe7+ Kf8 29. Rxa2 Rd7
$16 (29... Qe4 $5 $16)) 24... Kf8 25. Nc8 Be5 26. Qf5 $40 {+/-}) (23... Qb5 $2
{Krasenkow,M} 24. Nxg7 Nb4 25. Nf5 {A.Dreev}) 24. Nxe7+ Kf8 25. Nc8 (25. Nf5 $5
{Krasenkow,M}) 25... Qb4 $2 {[%mdl 8192] A blunder, but even after the only
move Krasenkow,M: 'Overlooking a nice tactical blow.'} (25... Qe5 $8 26. Qb7
Rb8 27. Qxa7 Rb2 (27... Nb4 28. Rc5 $18) 28. Nb6 Qe7 29. Nd7+ Kg8 30. Rc8 $16 {
/+- White's pressure is unbearable.} f5 31. Qa4 Kf7 $8 32. Qd1 {[%cal Rd1h5]}
Qd6 33. Qh5+ Qg6 34. Qh4 {the initiative certainly belongs to White.}) 26. Rc4
$1 (26. Rc4 Qxc4 (26... Qa3 27. Re4 $18) 27. Qe7+ Kg8 28. Qxe8+ Bf8 29. Ne7+
Kg7 30. Nf5+ Kg6 31. Qxa8 $18) 1-0

[Event "EU-Cup 19th"]
[Site "Rethymno"]
[Date "2003.09.29"]
[Round "2.1"]
[White "Dreev, Alexey"]
[Black "Sutovsky, Emil"]
[Result "1/2-1/2"]
[WhiteElo "2698"]
[BlackElo "2639"]
[Annotator "Sutovsky,E"]
[PlyCount "102"]
[EventDate "2003.09.28"]
[EventType "team-swiss"]
[EventRounds "7"]
[EventCountry "GRE"]
[SourceTitle "CBM 098"]
[Source "ChessBase"]
[SourceDate "2004.02.03"]
[SourceVersion "1"]
[SourceVersionDate "2004.02.03"]
[SourceQuality "1"]
[WhiteTeam "Norilsk Nikel"]
[BlackTeam "Lipovec"]
[WhiteTeamCountry "RUS"]
[BlackTeamCountry "SVK"]

1. d4 {Krasenkow,M} Nf6 2. c4 g6 {I've played a lot of games with Alexey, and
it always used to be a kind of theoretical dispute - Gruenfeld (when I got
black) and Caro-Kann (when I was white). So, this time I knew it will be
Gruenfeld and I was pretty sure about the line, he will play.} 3. Nc3 d5 4. Bf4
Bg7 5. e3 c5 6. dxc5 Qa5 7. Rc1 dxc4 8. Bxc4 O-O 9. Nge2 Qxc5 {All that was
played in the hundreds of games, so, I don't really feel like commenting on
the opening moves.} 10. Qb3 Nc6 11. Nb5 Qh5 12. Ng3 Qh4 13. Nc7 {So, here we
are! Dreev's pet line, which brought him a victory in the very important game
with Svidler (Halkidiki'2002) and turned this variation into one of the
topical in the whole Gruenfeld defence.} e5 $1 {Svidler played 13...g5, but
failed to get a decent game. Later Tomas Oral improved on black's play and
obtained a sensible position versus Pavel Tregubov. However, I had my own
opinion.} (13... Rb8 {Krasenkow,M} 14. Bxf7+ Rxf7 15. Rxc6 bxc6 16. Qxb8 Rf8
17. Qb3+ Kh8 {1/2-1/2 Berczes,D-Margvelashvili,G/Budva YUG 2003/The Week in
Chess 465 (17)} 18. Be5 {now looks quite annoying for Black.}) 14. Bxe5 Nxe5
15. Nxa8 {Krasenkow,M: 'White has won the exchange but his king is still
uncastled.'} Bd7 16. Nc7 Bc6 (16... Rc8 {(Krasenkow,M) was played in the stem
game, with an attack for Black for the sacrificed material after} 17. Be2 Ne8
18. f4 Ng4 19. Qd1 Nxe3 20. Qxd7 Qxf4 {0-1 Veremeichik,V-Zhigalko,A/Minsk 2001/
CBM 81 ext (29) This line needs further tests. The text move also leads to
very unclear consequences.}) 17. Nd5 {All this was played very quickly and
Dreev seemed to be pretty happy about his position. Indeed, the Fritz'
proposal 17...Nd5 (17...Bd5) leads to a clearly worse position for me, but I
got something stronger than this banal move...} ({Moves like} 17. Bf1 {
(Krasenkow,M) don't look too promising.}) 17... Kh8 $3 (17... Bxd5 18. Bxd5
Nxd5 19. Qxd5 Rd8 20. Qxb7 Nd3+ 21. Ke2 Nxc1+ 22. Rxc1 {leaves white an extra
pawn and good chances to convert his edge.}) {Dreev took a lengthy thought and
found the best move here. But why this 17...Kh8 is so strong? The answer is
simple, but a bit hard to believe - black just prepares the murderous b7-b5
and Ne5:c4 - that's why I just remove my king from the eventual Nd5:f6+ or
Nd5-e7+. Alexey had few possibilities here, and he manages to find the best
one. Let's have a look on other moves:} 18. Nf4 $1 (18. Nxf6 Bxg2 19. Nd5 (19.
Rg1 Bc6 $1 20. Nd5 Nf3+ 21. Ke2 Qg4 22. Kd3 Qd7 {with a lot of threats, which
can't be parried - if your Fritz doesn't agree, just give him another 5
minutes to understand the position:)}) 19... Nf3+ 20. Kd1 Bxh1 21. Nxh1 Qxh2
22. Kc2 (22. Ng3 Qxf2) 22... Ng1 $1 23. Kb1 Qxh1 {A picturesque position!
Black pieces get out of the corner and white find itself in trouble - his king
is still unsafe and my ''h'' pawn is ready to march towards the glory!}) (18.
O-O $2 b5 {is just bad for him.}) (18. a4 $2 Nxc4 19. Nxf6 Na5 $1 20. Qc3 b6 $1
{and the game is over!}) 18... g5 19. Nd3 Nxd3+ 20. Bxd3 $6 (20. Qxd3 {is
probably stronger -} Bxg2 21. Nf5 $5 {was played in V. Mikhalevski-Greenfeld
few weeks after the analysed game. White won it convincingly, but mostly
thanks to the black's mistake on the move 22th:} (21. Rg1 Qxh2 22. Ke2 Nh5 {
with unclear play, though black should be definetely OK here.}) 21... Qh3 22.
Nxg7 Bxh1 $2 (22... Kxg7 $1 23. Rg1 Qxh2 {when black can't be worse in my
opinion}) 23. Nf5 Bc6 24. Qd6 Nd7 25. Nd4 $16) 20... Bxg2 21. Qc4 Ng4 $1 (21...
Qxc4 $2 22. Rxc4 Bxh1 23. Nxh1 {may only favour white.}) 22. Bf5 (22. Rg1 Bf3
23. Bf5 Qxh2 24. Qf1 Ne5 {looks too good for black.}) 22... Ne5 (22... Bxh1 23.
Nxh1 Qxh2 {doesn't give anything (except an extra pawn, which plays absolutely
no role here), as after} 24. Bxg4 Qxh1+ 25. Ke2 Qh6 {Krasenkow,M: 'was quite
possible (White maintained compensation for the missing pawn) but Black looks
for more.'} 26. Qd5 {white is by no means worse.}) 23. Qxh4 gxh4 24. Rg1 $2 ({
Krasenkow,M: The position after} 24. Be4 $1 {was the only way to maintain the
balance.} Bxh1 (24... Nd3+ {'!?' Krasenkow,M.} 25. Ke2 $11 Bxh1 {Krasenkow,M}
26. Rxh1 hxg3 27. Bxd3 gxf2 28. Kxf2 $11) 25. Nxh1 f5 26. Bb1 {and white is OK,
despite his ridicolous knight on h1. Krasenkow,M: 'doesn't look too attractive
for White but perhaps it was his best chance.'}) 24... Bc6 $1 25. Nh5 {'?!'
Krasenkow,M.} (25. Ne4 $142 {Krasenkow,M} Nf3+ 26. Ke2 Nxg1+ 27. Rxg1 Bxb2 28.
Rg4 $15) 25... Nf3+ 26. Ke2 Bxb2 $1 27. Rgd1 Bxc1 28. Rxc1 {Krasenkow,M: 'So,
as a result of the complications, Black has an extra pawn and can now win a
second one.'} Re8 $2 {A tempting move, played without too much of thought in
the opponent's severe time-trouble! I got about 30 minutes here and had to
calculate the correct 28...Rd8! till the end, which would eventually win the
game: Krasenkow,M: 'This looks like a deadly blow but White finds a defense.'}
(28... Rd8 $1 29. e4 Nd4+ 30. Ke3 Nxf5+ 31. exf5 {here I stopped, assuming
that white gets some counterplay by penetrating with the kings on the dark
squares. However after} Rd5 32. Kf4 h6 $1 33. Nf6 Rd2 34. Ke3 (34. Rg1 Rxf2+
35. Ke3 Rg2) 34... Rd6 {black has all the chances to convert his advantage.})
29. Nf6 Nd4+ 30. Kd3 Nxf5 31. Nxe8 Bxe8 32. Rc8 Ng7 33. Rb8 {Now white gets
one of the pawns on the queenside, and his position is not worse anymore... 
Actually, the rook is usually not weaker than the bishop+knight in the endgame
(the most famous game on this topic is probably Beliavsky-Dolmatov), so my
further attempts to play for a win are somewhat groundless.} b6 34. Rb7 Nh5 35.
Rxa7 Nf6 36. f3 Kg7 37. e4 {limiting my bishop's activity.} Nd7 38. Ke3 Nc5 39.
Ra8 Ba4 40. Rb8 b5 41. f4 Nd7 42. Rb7 Nf6 {I was provoking Alexey for some
active moves (like 43.f5 or 43.e5), which might have been objectively good,
but left me the chances for a win in this game, but he opts for the safest way
and the game ends in a draw.} 43. h3 Bc2 44. Rxb5 Bxe4 45. a4 h6 46. a5 Bg2 47.
a6 Bxh3 48. Kf2 Bd7 49. Rb6 Bf5 50. a7 Be4 51. Rb4 Bc6 {White continues his
pursue after the bishop and the draw is inevitable.} 1/2-1/2